000 01233njm a22002777a 4500
005 20100922114049.0
006 a|||||r|||||00| 0
007 sd ammalaaahaa
008 100922t xxu||||| |||| 00| 0 pun d
028 _aN,13589
_bHis Master's Voice
035 _aGR-00484
040 _aSED
_cSED
100 _aਪ੍ਰਕਾਸ਼ ਕੋਰ
_921104
245 _aਕਾਹਨੂ ਪਵਾਦਿਯਾੰ ਕੇਨਡਿਯਾੰ ਨੀ /
_cਪ੍ਰਕਾਸ਼ ਕੋਰ ਤੇ ਤਿਰਲੋਕ ਕਪੂਰ
_hMedium [Sound recording]
246 _aKahnu pawandia kenadia ve ( Prakash kaur & Tirlok kapoor)
260 _aDum Dum, India
_bHis Master's Voice
_cn.d.
300 _a1 Sound disc [Gramophon Recording]
_banalog,33 1/3 rpm
_c9.5 in. (MP)
_fGramophon Record
500 _aBrief record
500 _aRecord labels : His Master's Voice, Red
505 _aSide-2ਬੂਹੇ ਤੇ ਅੱਗ ਗੀ ਜੰਦਰੇ ਵੇ (buhe te aug gee jandre ve) ( Prakash kaur & Trilok kapoor)
600 _921105
650 _aPunjabi Songs
_xExcerpts
_zIndia
_921106
700 _921272
_aਤਿਰਲੋਕ ਕਪੂਰ
942 _2ddc
_cGR
999 _c47661
_d47661